Les anglais en Ligue 1 (2020-2026) - Statistiques

Statistiques générales
  • Ce quiz a été pris 33 fois
  • Le résultat moyen est 9 sur 22
Statistiques - réponses
Nb de saisons Clubs Joueur % Correct
2 St-Etienne (2020-2022) Etienne Green
97%
2 Marseille (2024-2026) Mason Greenwood
94%
5 Lille (2021-2025), Marseille (2025-2026) Angel Gomes
84%
3 Lyon (2023-2026) Ainsley Maitland-Niles
75%
1 Mqrseille (2025-2026) CJ Egan-Riley
63%
2 Toulouse (2024-2026) Charlie Cresswell
59%
3 Montpellier (2020-2023) Stephy Mavididi
56%
1 Strasbourg (2025-2026) Ben Chilwell
53%
1 Lyon (2025-2026) Tyler Morton
50%
1 Marseille (2025-2026) Ethan Nwaneri
47%
1 Nice (2022-2023) Ross Barkley
34%
2 Brest (2022-2024) Karamoko Dembélé
28%
2 Marseille (2024-2026) Jonathan Rowe
19%
1 Lyon (2024-2025) Alejandro Gomes Rodriguez
16%
1 Rennes (2022-2023) Djed Spence
16%
1 Toulouse (2022-2023) Rhys Healey
13%
2 Strasbourg (2024-2026) Sam Amo-Ameyaw
13%
1 Lille (2024-2025) Chuba Akpom
9%
1 Nice (2022-2023) Joe Bryan
9%
1 Dijon (2020-2021) Jonathan Panzo
9%
1 Marseille (2023-2024) Emran Soglo
6%
1 Troyes (2021-2022) Levi Lumeka
3%
Aucun quiz correspondant
Distribution des résultats
% des personnes avec chaque résultat
Percentile par nombre de réponses
Votre historique - résultats
Vous n’avez pas pris ce quiz